|
|
|
|
| LEADER |
00000cam a2200000 7i4500 |
| 001 |
0000039768 |
| 005 |
20140106.0 |
| 090 |
0 |
0 |
|a CD
|b 0137
|
| 100 |
1 |
|
|a Roslan Madun
|
| 245 |
0 |
0 |
|a Lagu rakyat[cd]
|c Roslan Madun
|
| 260 |
|
|
|a Kuala Lumpur ,
|c 2011
|
| 300 |
|
|
|a CD
|
| 650 |
|
0 |
|a Jabatan Kebudayaan & Kesenian Negara
|
| 650 |
|
0 |
|a Kementerian Penerangan Malaysia
|x Rtm
|
| 999 |
|
|
|a 0001261126
|b CD-ROM
|c Audiovisual
|e Cawangan Muar
|
| 999 |
|
|
|a 0001261163
|b CD-ROM
|c REFERENCE
|e Cawangan Segamat
|
| 999 |
|
|
|a 0001261168
|b CD-ROM
|c Audiovisual
|e Cawangan Muar
|
| 999 |
|
|
|a 0001261171
|b CD-ROM
|c Adult Collection
|e Cawangan Bandar Tenggara
|
| 999 |
|
|
|a 0001261222
|b CD-ROM
|c Adult Collection
|e Cawangan Bandar Tenggara
|
| 999 |
|
|
|a CD01261162
|b CD-ROM
|c Audiovisual
|e Cawangan Tmn. Ungku Tun Aminah
|
| 999 |
|
|
|a CD01261167
|b CD-ROM
|c Adult Collection
|e Cawangan Taman Sri Lambak
|
| 999 |
|
|
|a CD01261218
|b CD-ROM
|c Audiovisual
|e Cawangan Tmn. Ungku Tun Aminah
|
| 999 |
|
|
|a CD01261223
|b CD-ROM
|c Adult Collection
|e Cawangan Taman Sri Lambak
|
| 999 |
|
|
|a CD01261923
|b CD-ROM
|c REFERENCE
|e Perbadanan Perpustakaan Awam Johor
|